La raison politique.

Saved in:
Bibliographic Details
Main Author: Bruaire, Claude, 1932-1986.
Format: Book
Language:French
Published: [Paris] Fayard [1974]
Series:Évolutions
Subjects:
Tags: Add Tag
No Tags, Be the first to tag this record!
LEADER 00668nam a2200277 4500
001 004166321-7
005 20020606095253.2
008 760528s1974 fr b 000 0 fre
010 |a  75502319  
015 |a F*** 
020 |a 221300126X 
035 0 |a ocm01678251 
040 |a DLC  |c DLC  |d HLS 
050 0 |a JC585  |b .B75 
082 |a 172 
100 1 |a Bruaire, Claude,  |d 1932-1986. 
245 1 3 |a La raison politique. 
260 |a [Paris]  |b Fayard  |c [1974] 
300 |a 266 p.  |c 22 cm. 
490 0 |a Évolutions 
504 |a Includes bibliographical references. 
650 0 |a Liberty. 
650 0 |a Justice. 
650 0 |a Reason. 
988 |a 20020608 
906 |0 DLC